Marcos Chaves / (Record no. 675)

MARC details
000 -LEADER
campo de control de longitud fija 01434cam a22003974a 4500
001 - NÚMERO DE CONTROL
campo de control 6624834
005 - FECHA Y HORA DE LA ÚLTIMA TRANSACCIÓN
campo de control 20220326193329.0
008 - DATOS DE LONGITUD FIJA--INFORMACIÓN GENERAL
campo de control de longitud fija 070709s2007 bl a b 000 0 por
010 ## - NÚMERO DE CONTROL DE LA BIBLIOTECA DEL CONGRESO
Número de control de LC 2007349054
020 ## - NÚMERO INTERNACIONAL ESTÁNDAR DEL LIBRO
Número Internacional Estándar del Libro 9788577340446
020 ## - NÚMERO INTERNACIONAL ESTÁNDAR DEL LIBRO
Número Internacional Estándar del Libro 8577340449
035 ## - NÚMERO DE CONTROL DEL SISTEMA
Número de control de sistema (OCoLC)ocn175220112
035 ## - NÚMERO DE CONTROL DEL SISTEMA
Número de control de sistema (OCoLC)175220112
035 ## - NÚMERO DE CONTROL DEL SISTEMA
Número de control de sistema (NNC)6624834
040 ## - FUENTE DE CATALOGACIÓN
Centro catalogador/agencia de origen DLC
Centro/agencia transcriptor DLC
041 0# - CÓDIGO DE IDIOMA
Código de lengua del texto/banda sonora o título independiente por
-- eng
042 ## - CÓDIGO DE AUTENTICACIÓN
Código de autenticación lcode
082 ## - NÚMERO DE LA CLASIFICACIÓN DECIMAL DEWEY
Número de clasificación 701.18
Número de ítem C512m
100 ## - ENTRADA PRINCIPAL--NOMBRE DE PERSONA
Nombre de persona Navas, Adolfo.
9 (RLIN) 3027
245 00 - MENCIÓN DEL TÍTULO
Título Marcos Chaves /
Mención de responsabilidad, etc. [textos, Adolfo Montejo Navas ... et al.].
250 ## - MENCION DE EDICION
Mención de edición 1a ed.
260 ## - PUBLICACIÓN, DISTRIBUCIÓN, ETC.
Lugar de publicación, distribución, etc. Rio de Janeiro :
Nombre del editor, distribuidor, etc. Casa da Palavra,
Fecha de publicación, distribución, etc. c2007.
300 ## - DESCRIPCIÓN FÍSICA
Extensión 175 p. :
Otras características físicas ill. (chiefly col.) ;
Dimensiones 21 cm.
490 1# - MENCIÓN DE SERIE
Mención de serie Arte bra ;
Designación de volumen o secuencia 1
500 ## - NOTA GENERAL
Nota general Chronology: p. 139-[159].
504 ## - NOTA DE BIBLIOGRAFÍA, ETC.
Nota de bibliografía, etc. Includes bibliographical references.
505 ## - NOTA DE CONTENIDO CON FORMATO
Título presentation
Mención de responsabilidad Luiza Mello
Título on the visual traps of Marcos Chavez
Mención de responsabilidad Adolfo Montejo Navas
Título Emptiness and Totality
Mención de responsabilidad Ligia Canongia
Título The Deviation is target
Mención de responsabilidad Luisa Duarte
Título Caderno do Artista
-- Entrevista
-- Cronologia
Mención de responsabilidad Debora Monnerat
Título Referencias Bibliograficas
546 ## - NOTA DE IDIOMA
Nota de lengua/lenguaje Text in Portuguese and English.
600 10 - PUNTO DE ACCESO ADICIONAL DE MATERIA--NOMBRE DE PERSONA
Nombre de persona Chaves, Marcos,
Fechas asociadas al nombre 1961-
Subdivisión general Criticism and interpretation.
9 (RLIN) 3028
650 ## - PUNTO DE ACCESO ADICIONAL DE MATERIA--TÉRMINO DE MATERIA
Término de materia o nombre geográfico como elemento de entrada Arte moderno
Subdivisión geográfica Brasil
9 (RLIN) 3029
700 1# - ENTRADA AGREGADA--NOMBRE PERSONAL
Nombre de persona Navas, Adolfo.
9 (RLIN) 3030
700 1# - ENTRADA AGREGADA--NOMBRE PERSONAL
Nombre de persona Chaves, Marcos,
Fechas asociadas al nombre 1961-
9 (RLIN) 3031
830 #0 - PUNTO DE ACCESO ADICIONAL DE SERIE-TÍTULO UNIFORME
Título uniforme Arte bra ;
Designación de volumen o secuencia 1.
9 (RLIN) 3032
948 1# - PROCESAMIENTO DE INFORMACIÓN LOCAL (OCLC); DESIGNADOR DE PARTE DE LA SERIE (RLIN)
Designador de la parte de la serie, SPT (RLIN) 20080515
b (OCLC) c
c (OCLC) rhg9
d (OCLC) SCMC
Holdings
Estatus retirado Estado de pérdida Fuente del sistema de clasificación o colocación Estado de daño No para préstamo Biblioteca de origen Biblioteca actual Ubicación en estantería Fecha de adquisición Total de préstamos Signatura topográfica completa Código de barras Visto por última vez Precio de reemplazo Tipo de ítem Koha
    Clasificación Decimal Dewey     Biblioteca LadoV Biblioteca LadoV   11/06/2015   701.18 C512m 000640 11/06/2015 11/06/2015 Material 01